| 000 | 00976nam0a22002291 4500 | ||
|---|---|---|---|
| 001 | rc\727337 | ||
| 005 | 20250622111222.0 | ||
| 035 | _a(NLR Aleph) 006258345 | ||
| 090 |
_a6822077 _c6822077 |
||
| 100 | _a20040301d1985 |||y0rusy50 ca | ||
| 101 | 0 | _arus | |
| 102 | _aRU | ||
| 105 | _aa ||||||||| | ||
| 200 | 1 |
_aЗОНАЛЬНАЯ безокислительная индукционная термическая обработка сварных конструкций из титановых сплавов, выполненных электронно-лучевой сваркой _eПроизв. инструкция ПИ1.2.278-85 _e[Утв. ВИАМ 29.04.85 _eСрок введ. с 01.07.86 |
|
| 210 |
_aМ.] _cБ. и. _d1985 |
||
| 215 |
_a13 с. _cил. _d21 |
||
| 712 | 0 | 2 |
_aВНИИ авиационных материалов _9347410 _3RU\NLR\AUTH\889925800 |
| 801 | 0 |
_aRU _bNLR _gpsbo |
|
| 801 | 1 |
_aRU _bELAR _2rusmarc |
|
| 852 |
_aNLR _j87-6/2524 |
||
| 942 | _cBOOK | ||
| 980 | _aNB | ||